Several complex variables

সংরক্ষণ করুন:
গ্রন্থ-পঞ্জীর বিবরন
প্রধান লেখক: Bochner, Salomon (Author), Martin, William Ted (Author)
বিন্যাস: গ্রন্থ
ভাষা:ইংরেজি
প্রকাশিত: Princeton Princeton University 1948
মালা:Princeton Mathematical Series, 10
বিষয়গুলি:
ট্যাগগুলো: ট্যাগ যুক্ত করুন
কোনো ট্যাগ নেই, প্রথমজন হিসাবে ট্যাগ করুন!

MARC

LEADER 00000nam a2200000 a 4500
001 UCP1282
003 CL-VaPUC
008 990401e19480000us |||||||||||||||||eng|d
082 0 4 |a 515.9  |b BOC  |2 21 
100 0 |a Bochner, Salomon  |e author  |9 427231 
700 0 |a Martin, William Ted  |e author  |9 427232 
245 1 0 |a Several complex variables 
300 |a 216 p 
942 |c BK 
945 |d 19990401 00:00:00  |a crobeson 
260 |a Princeton  |b Princeton University  |c 1948 
650 0 |a Funciones de variables complejas  |9 260212 
650 0 |a Funciones de variables reales  |9 304566 
650 0 |a Series de potencia  |9 425013 
650 7 |a TEORIA DE HARTOG  |2 CL-VaPUC  |9 427233 
650 0 |a Análisis complejo   |9 260214 
583 |a last modification  |c 20171205 04:33:00  |k Rodrigo Vera 
490 0 |a Princeton Mathematical Series, 10 
999 |c 279976  |d 279974 
952 |0 0  |1 0  |4 0  |6 515_900000000000000_BOC_1948  |7 0  |8 A  |9 319926  |a BIBMAT  |b BIBMAT  |d 2019-11-20  |i 133445K  |o 515.9 BOC 1948  |p 133445K  |r 2025-01-07  |w 2019-11-20  |y BK  |k MAT